The central questions of philosophy
Αποθηκεύτηκε σε:
| Κύριος συγγραφέας: | |
|---|---|
| Μορφή: | Βιβλίο |
| Γλώσσα: | English |
| Δημοσίευση: |
[Middlesex; New York] :
Penguin Books,
[c1973]
|
| Θέματα: | |
| Ετικέτες: |
Προσθήκη ετικέτας
Δεν υπάρχουν, Καταχωρήστε ετικέτα πρώτοι!
|
MARC
| LEADER | 00000cam a2200000 i 4500 | ||
|---|---|---|---|
| 001 | 1/38789 | ||
| 008 | 061205s1973 eng d | ||
| 035 | |l 10086428 | ||
| 040 | |a GR-MY-UA |b gre |e aacr | ||
| 041 | 0 | |a eng | |
| 082 | 0 | |a 192 |2 (22) | |
| 100 | 1 | |a Ayer, A. J. |q (Alfred Jules), |d 1910-1989. | |
| 245 | 1 | 4 | |a The central questions of philosophy / |c A. J. Ayer |
| 260 | |a [Middlesex; New York] : |b Penguin Books, |c [c1973] | ||
| 300 | |a 243 σ.; |c 19 εκ. | ||
| 500 | |a Με: Basic teachings of the great philosophers: a survey of their basic ideas / S.E. Frost. - Learning to philosophize / E.R. Emmet | ||
| 650 | 0 | 0 | |a Philosophy. |
| 650 | 0 | 0 | |a Philosophy |x Introductions. |
| 852 | |a INST |b RHODES |c KRI |e 20061205 |h 192 AYE |p 005400024672 |q 005400024672 |t BK |y 0 | ||
| 901 | |a BIBL4-2006-3 | ||
| 909 | |a Ρ |b 126650 | ||
| 970 | |a ΚΟΖΑ |b ΜΑΡΙΑ |z 2006/12/05 | ||